000 01099ctm a2200301 i 4500
999 _c67674
_d67674
001 67674
003 Mx-PuUPA
005 20200401180627.0
008 140415s2016 nyu r 000 0 spa d
020 _a9781107099807
040 _aMX-PuUPA
_bspa
_erda
_cMx-PuUPA
_dMx-PuUPA
041 0 _aeng
245 1 0 _aA history of mexican literature /
_cedited by Ignacio M. Sánchez Prado, Ann M. Nogar, José Ramón Ruisánchez Serra.
250 _aFirst edition
264 1 _aNew York, N.Y. :
_bCambridge University Press,
_c2016
300 _axiv, 448 páginas ;
_c24 cm.
336 _atexto
_2rdacontent
_btxt
337 _asin medio
_2rdamedia
_bn
338 _avolumen
_2rdacarrier
_bnc
650 4 _aLiteratura mexicana
_xHistoria y crítica
650 4 _aLiteratura popular
_zMéxico
_xHistoria y crítica
650 4 _aLiteratura y sociedad
_zMéxico
_xHistoria
700 1 _aSánchez Prado, Ignacio M.,
_eeditor
700 1 _aNogar, Ann M.,
_eeditor
700 1 _aRuisánchez Serra, José Ramón,
_eeditor
942 _h860.9972
_iH673
_cLI
_2ddc